| 000 | 00912nam a22002177a 4500 | ||
|---|---|---|---|
| 999 |
_c4286 _d4286 |
||
| 003 | AR-CdUCM | ||
| 008 | 190308b ||||| |||| 00| 0 spa d | ||
| 020 | _a84-88988-23-0 | ||
| 040 |
_aMUNICIPALIDAD PROVINCIAL DEL CUSCO _cBIBLIOTECA MUNICIPAL DEL CUSCO |
||
| 082 |
_a711.946 / _bA76 |
||
| 245 | _aArquitectura y memoria en el barrio de Cádiz / | ||
| 260 |
_aSevilla : _bGrupo de investigación "La casa y el lugar", _c1998. |
||
| 300 |
_a128 páginas ; _bMapas. _c30 cm. |
||
| 505 | _aContenido: Trazas y sedimentos en el territorio y en la ciudad -- Levantamientos y planimetría -- La casa-patio en el barrio de El Pópulo -- Proyectos de Escuela. Curso 1995-96 -- Elementos de Composición ... | ||
| 650 |
_aArquitectura - España _913550 |
||
| 650 |
_aPlanos _913064 |
||
| 650 |
_aPlanimetría _913551 |
||
| 700 |
_aDíaz Recaséns, Gonzalo (coordinador) _913552 |
||
| 942 |
_2ddc _cLIBROS |
||
| 945 | _aafb | ||